[Event "ch-KGZ Men 2013"]
[Site "Bishkek KGZ"]
[Date "2013.05.18"]
[Round "10"]
[White "Abdyjapar,Asyl"]
[Black "Davletbakov,S"]
[Result "1-0"]
[WhiteElo "2396"]
[BlackElo "2234"]

1.Nf3 Nf6 2.c4 g6 3.Nc3 Bg7 4.d4 d6 5.e4 O-O 6.Be2 Nbd7 7.O-O e5 8.Be3 exd4
9.Nxd4 Re8 10.f3 c6 11.Qd2 Nh5 12.Rad1 Ne5 13.Bg5 Qc7 14.Kh1 a6 15.g4 Nf6
16.Rg1 b5 17.Nf5 Bxf5 18.gxf5 Rad8 19.Qf4 Qe7 20.cxb5 axb5 21.Qh4 h6 22.Bxh6 Nxe4
23.Qxe7 Rxe7 24.Bxg7 Nf2+ 25.Kg2 Nxd1 26.f6 Ne3+ 27.Kf2 Re6 28.Kxe3 Ng4+
29.Kd2 Nxf6 30.Bh6 Ra8 31.a3 Nd7 32.f4 Kh7 33.Bg5 f5 34.h4 Nf6 35.Bf3 d5
36.Bxf6 Rxf6 37.Kd3 Rb8 38.Na2 Re6 39.Kd4 Rbe8 40.Nb4 Re3 41.Rf1 Rb3 42.Rf2 Ree3
43.Bg2 Re1 44.Nxc6 Rc1 45.Bxd5 Rh3 46.Na7 Rxh4 47.Nxb5 g5 48.a4 Ra1 49.Ke5 Kg6
50.Na3 g4 51.a5 Re1+ 52.Kd6 g3 53.Rg2 Rxf4 54.Rxg3+ Kf6 55.Nc4 Rd1 56.Kc5 Rfd4
57.Bc6 Rd8 58.a6 Ra1 59.Ra3 Rc1 60.a7  1-0

[Event "Asian Continental w 2013"]
[Site "Manila PHI"]
[Date "2013.05.18"]
[Round "1.17"]
[White "Romero,Gladys Hazelle M."]
[Black "Nguyen Thi Thanh An"]
[Result "1/2-1/2"]
[WhiteElo "1927"]
[BlackElo "2250"]

1.d4 Nf6 2.c4 g6 3.Nc3 Bg7 4.Nf3 O-O 5.e4 d6 6.Be2 Nbd7 7.O-O e5 8.Be3 Re8
9.d5 Ng4 10.Bg5 f6 11.Bd2 Rf8 12.Qc1 f5 13.Ng5 Nc5 14.b4 Nxe4 15.Ncxe4 fxe4
16.Nxe4 Bf5 17.Bg5 Nf6 18.Ng3 Qe8 19.Qd2 Kh8 20.Rae1 a5 21.f4 Nd7 22.fxe5 Nxe5
23.Nxf5 gxf5 24.Bf4 axb4 25.Qxb4 b6 26.Bxe5 Bxe5 27.Qb3 Qg6 28.Rf3 Rg8 29.Bf1 Qh5
30.Rh3 Qg4 31.Kh1 Qf4 32.Qf3 Qxf3 33.Rxf3 f4 34.Re2 Ra4 35.Rc2 Rga8 36.Rff2 Ra3
37.h3 Kg7 38.Rfd2 Kf6 39.Bd3 h6 40.Be4 R8a4 41.Bf3 Kg5 42.Re2 Rb4 43.Re1 Bc3
44.Re8 Rb1+ 45.Kh2 Bd4 46.Rg8+ Kf6 47.h4 Re1 48.h5 Kf7 49.Rg6 Bg7 50.Kh3  1/2-1/2

[Event "BSG Pinkstertoernooi KO 2013"]
[Site "Bussum NED"]
[Date "2013.05.20"]
[Round "2.1"]
[White "Reinderman,D"]
[Black "Ootes,La"]
[Result "1-0"]
[WhiteElo "2571"]
[BlackElo "2356"]

1.c4 Nf6 2.Nc3 g6 3.e4 d6 4.d4 Bg7 5.Nf3 O-O 6.Be2 e5 7.O-O c6 8.Re1 Nbd7
9.Bf1 a5 10.b3 exd4 11.Nxd4 Re8 12.Bg5 Nc5 13.f3 Qb6 14.Be3 a4 15.Rb1 axb3
16.axb3 Qd8 17.Qd2 Nh5 18.g4 Nf6 19.Red1 Nfd7 20.h3 Ne5 21.Bg2 h5 22.g5 h4
23.f4 Ned7 24.Nde2 Ra3 25.Qxd6 Rxb3 26.Rxb3 Nxb3 27.Qb4 Na5 28.c5 b5 29.cxb6 Nb7
30.e5 Bf8 31.Qb2 Qe7 32.Ne4 Qe6 33.Nd4 Qd5 34.Nf6+ Nxf6 35.Bxd5 Nxd5 36.Bc1 Bc5
37.Kg2 Nxb6 38.Nxc6 Bf5 39.Qe2 Nd7 40.Kh2 Nf8 41.Be3 Ne6 42.Bxc5 Nbxc5 43.Nb4 Nxf4
44.Qf2 Nce6 45.Qxh4 Nxh3 46.Nd5 Kg7 47.Qh6+  1-0

[Event "Asian Continental 2013"]
[Site "Manila PHI"]
[Date "2013.05.20"]
[Round "3.6"]
[White "Murshed,N"]
[Black "Adhiban,Baskaran"]
[Result "0-1"]
[WhiteElo "2480"]
[BlackElo "2556"]

1.Nf3 Nf6 2.c4 g6 3.d4 Bg7 4.Nc3 O-O 5.e4 d6 6.Be2 e5 7.d5 a5 8.O-O Na6 9.Be3 Ng4
10.Bg5 f6 11.Bd2 f5 12.Ne1 Nf6 13.exf5 Bxf5 14.Be3 Nc5 15.Nd3 Nxd3 16.Bxd3 e4
17.Be2 Qe7 18.Qd2 c5 19.Bh6 Rae8 20.Bxg7 Kxg7 21.Qe3 Qe5 22.h3 Bd7 23.Rad1 Re7
24.f4 exf3 25.Qxe5 Rxe5 26.Bxf3 Rb8 27.Rfe1 Rxe1+ 28.Rxe1 Kf7 29.b3 Re8 30.Rxe8 Bxe8
31.Kf2 Nd7 32.Ne4 Ke7 33.a4 Ne5 34.Be2 h6 35.Bg4 g5 36.Ng3 Nxg4+ 37.hxg4 Bg6
38.Ke3 Bc2 39.Kd2 Bxb3 40.Nf5+ Kd7 41.Kc3 Bxa4 42.Nxh6 b5 43.cxb5 Bxb5 44.Nf7 Bf1
45.Nxg5 Bxg2 46.Kc4 a4  0-1

[Event "Asian Continental w 2013"]
[Site "Manila PHI"]
[Date "2013.05.20"]
[Round "3.16"]
[White "Wang Doudou"]
[Black "Romero,Gladys Hazelle M."]
[Result "1-0"]
[WhiteElo "2162"]
[BlackElo "1927"]

1.d4 d6 2.Nf3 Nd7 3.c4 g6 4.Nc3 Bg7 5.e4 Ngf6 6.Be2 O-O 7.O-O e5 8.Re1 Re8
9.Bf1 exd4 10.Nxd4 Nc5 11.f3 a5 12.Be3 Ne6 13.Nc2 b6 14.Qd2 Ba6 15.Rad1 Nd7
16.b3 Ne5 17.Nd5 a4 18.Nd4 Nxd4 19.Bxd4 axb3 20.axb3 Bb7 21.f4 Nd7 22.Bxg7 Kxg7
23.Qd4+ f6 24.b4 Nf8 25.g3 Bxd5 26.cxd5 Qd7 27.e5 fxe5 28.fxe5 dxe5 29.Rxe5 Rxe5
30.Qxe5+ Kg8 31.d6 Qg7  1-0

[Event "Hungarian National Open 2013"]
[Site "Zalakaros HUN"]
[Date "2013.05.22"]
[Round "1"]
[White "Wukits,R"]
[Black "Havasi,Gergo"]
[Result "0-1"]
[WhiteElo "2292"]
[BlackElo "2040"]

1.d4 Nf6 2.c4 g6 3.Nc3 Bg7 4.e4 d6 5.Be2 O-O 6.Nf3 e5 7.d5 a5 8.O-O Na6 9.Ne1 Nc5
10.Qc2 Bd7 11.Bg5 h6 12.Be3 Qe7 13.Kh1 Kh8 14.Rd1 Rg8 15.f3 Nh5 16.Nb5 Rac8
17.Nd3 Nxd3 18.Bxd3 b6 19.Rf2 Nf4 20.Bf1 f5 21.g3 Nh5 22.Qd2 f4 23.gxf4 exf4
24.Bd4 Qh4 25.Kg1 Kh7 26.Re1 Be5 27.Rg2 Rge8 28.Bf2 Qf6 29.Kh1 g5 30.Nd4 Rg8
31.Nf5 Ng7 32.Bd3 Nxf5 33.exf5 c5 34.Qc2 Rcf8 35.Kg1 Bxf5 36.Bxf5+ Qxf5 37.Qxf5+ Rxf5
38.h3 Kg7 39.Kf1 a4 40.Re4 Rf7 41.Be1 Re7 42.h4 Kf7 43.hxg5 hxg5 44.Bd2 Ree8
45.Bc1 Kf6 46.b3 axb3 47.axb3 Rh8 48.Ke2 Ra8 49.Kd3 Rh3 50.Rf2 Kf5 51.Ree2 g4
52.Bb2  0-1

[Event "22nd TCh-CRO Cup 2013"]
[Site "Bol na Bracu CRO"]
[Date "2013.05.23"]
[Round "3.82"]
[White "Lasic,L"]
[Black "Orak,L"]
[Result "1/2-1/2"]
[WhiteElo "2272"]
[BlackElo "2312"]

1.d4 Nf6 2.c4 g6 3.Nc3 Bg7 4.e4 d6 5.Be2 O-O 6.Nf3 e5 7.dxe5 dxe5 8.Qxd8 Rxd8
9.Bg5 Re8 10.O-O-O h6 11.Bh4 Na6 12.Bg3 Nh5 13.Nd2  1/2-1/2

[Event "Hungarian National Open 2013"]
[Site "Zalakaros HUN"]
[Date "2013.05.23"]
[Round "2"]
[White "Kincs,I"]
[Black "Marosi,Le"]
[Result "0-1"]
[WhiteElo "2184"]
[BlackElo "2035"]

1.d4 Nf6 2.c4 g6 3.Nf3 Bg7 4.Nc3 O-O 5.e4 d6 6.Be2 e5 7.d5 a5 8.Be3 Na6 9.a3 Nc5
10.Nd2 Bd7 11.Rb1 a4 12.g4 Ne8 13.h4 f5 14.exf5 gxf5 15.g5 e4 16.f4 exf3
17.Nxf3 f4 18.Bxc5 dxc5 19.Bd3 Nd6 20.Qc2 Qe7+ 21.Kf2 Qe3+ 22.Kg2 Bg4 23.Bxh7+ Kh8
24.Rbf1 Bxc3 25.bxc3 Nxc4 26.Bd3 Nd2 27.Nxd2 Qg3+  0-1

[Event "e2e4 Sunningdale Open"]
[Site "Ascot ENG"]
[Date "2013.05.25"]
[Round "2"]
[White "Lunn,M"]
[Black "Hernandez Castro,J"]
[Result "1-0"]
[WhiteElo "2004"]
[BlackElo "1848"]

1.d4 Nf6 2.c4 g6 3.Nc3 Bg7 4.e4 d6 5.Nf3 O-O 6.Be2 Nbd7 7.O-O e5 8.d5 Nc5
9.Qc2 a5 10.Be3 b6 11.Nd2 Ng4 12.Bxg4 Bxg4 13.a3 Bd7 14.b4 Nb7 15.Nb3 f5
16.f3 fxe4 17.fxe4 Rxf1+ 18.Rxf1 axb4 19.axb4 Ra3 20.c5 bxc5 21.bxc5 Ba4
22.Nxa4 Rxa4 23.c6 Na5 24.Nc5 Rc4 25.Qa2 dxc5 26.Qxa5 Bf8 27.Qa2 Rxe4 28.d6+ c4
29.dxc7 Qxc7 30.Qa8 Rf4 31.Rxf4 exf4 32.Bc5 Qg7 33.Qxf8+  1-0

[Event "Hungarian National Open 2013"]
[Site "Zalakaros HUN"]
[Date "2013.05.25"]
[Round "4"]
[White "Juhasz,A"]
[Black "Tesik,C"]
[Result "1/2-1/2"]
[WhiteElo "2198"]
[BlackElo "2351"]

1.d4 Nf6 2.c4 g6 3.Nc3 Bg7 4.e4 d6 5.Be2 O-O 6.Nf3 e5 7.dxe5 dxe5 8.Qxd8 Rxd8
9.Bg5 c6 10.Nxe5 Re8 11.O-O-O Na6 12.Rd6 Nxe4 13.Nxe4 Bxe5 14.Nf6+ Bxf6 15.Bxf6  1/2-1/2

[Event "22nd TCh-CRO Cup 2013"]
[Site "Bol na Bracu CRO"]
[Date "2013.05.26"]
[Round "6.24"]
[White "Saric,A"]
[Black "Zelenika,S"]
[Result "1-0"]
[WhiteElo "2547"]
[BlackElo "2286"]

1.Nf3 Nf6 2.c4 g6 3.Nc3 Bg7 4.e4 d6 5.d4 O-O 6.Be2 e5 7.O-O Na6 8.Re1 Qe8
9.Bg5 exd4 10.Qxd4 Ng4 11.Qd2 Nc5 12.Bf1 Ne6 13.Bh4 Ne5 14.Be2 f6 15.Nb5 Qf7
16.Rac1 h5 17.Bg3 Kh7 18.Qd1 Bh6 19.Rc2 b6 20.Nfd4 Nc5 21.Bf1 Bb7 22.f3 a5
23.Nc3 Rae8 24.Nd5 Nc6 25.Nb5 Na6 26.Ndxc7 Nxc7 27.Nxd6 Rd8 28.Nxf7 Rxd1
29.Rxd1 Rxf7 30.Bf2 Na8 31.a3 Bf8 32.c5 bxc5 33.Bxc5 Bxc5+ 34.Rxc5  1-0

[Event "22nd TCh-CRO Cup 2013"]
[Site "Bol na Bracu CRO"]
[Date "2013.05.26"]
[Round "6.13"]
[White "Jankovic,A"]
[Black "Plenkovic,Z"]
[Result "1-0"]
[WhiteElo "2537"]
[BlackElo "2404"]

1.d4 Nf6 2.c4 g6 3.Nc3 Bg7 4.e4 d6 5.Nf3 O-O 6.Be2 e5 7.Be3 exd4 8.Nxd4 Re8
9.f3 Nc6 10.Qd2 Nh5 11.Nc2 f5 12.O-O f4 13.Bxf4 Nxf4 14.Qxf4 Nd4 15.Nxd4 Bxd4+
16.Kh1 Be5 17.Qd2 g5 18.g3 Bh3 19.Rf2 Qf6 20.Nd5 Qg7 21.Bf1 Be6 22.f4 Bf6
23.Nxf6+ Qxf6 24.fxg5 Qe5 25.Rf4 Bf7 26.h4 c6 27.Rd1 Bg6 28.Bg2 Bh5 29.Rdf1 Bg6
30.Qf2 a6 31.g4 d5 32.exd5 cxd5 33.Bxd5+ Kg7 34.h5 Qxg5 35.hxg6  1-0

[Event "70th ch-GEO w 2013"]
[Site "Tbilisi GEO"]
[Date "2013.05.28"]
[Round "2.2"]
[White "Arabidze,M"]
[Black "Khurtsidze,N"]
[Result "1/2-1/2"]
[WhiteElo "2348"]
[BlackElo "2428"]

1.d4 Nf6 2.c4 g6 3.Nc3 Bg7 4.e4 d6 5.Nf3 O-O 6.Be2 Nbd7 7.O-O e5 8.Be3 exd4
9.Nxd4 Re8 10.f3 c6 11.Nc2 Nb6 12.Bd4 Be6 13.b3 c5 14.Be3 Ng4 15.Bd2 Ne5
16.Rc1 f5 17.Ne3 Nc6 18.exf5 gxf5 19.Ned5 Bxd5 20.Nxd5 Nxd5 21.cxd5 Nd4 22.Bd3 Qh4
23.b4 b6 24.f4 Kh8 25.a4 Re7 26.Kh1 Rae8 27.Bc3 Ne2 28.Bxg7+ Kxg7 29.Bxe2 Rxe2
30.bxc5 bxc5 31.Qd3 Qg4 32.Rg1 Qxf4 33.Rcf1 Rf2 34.Rxf2 Qxf2 35.Rf1 Qe2 36.Qxf5 Qe5
37.Qf7+ Kh8 38.h3 Rg8 39.Qf3 Qg3 40.Qf6+ Qg7 41.Qf3 c4 42.Rc1 Qd4 43.Rxc4 Qxc4  1/2-1/2

[Event "La Punta Closed 2013"]
[Site "San Luis ARG"]
[Date "2013.05.30"]
[Round "7.4"]
[White "Roselli Mailhe,B"]
[Black "Flores,Di"]
[Result "1/2-1/2"]
[WhiteElo "2435"]
[BlackElo "2586"]

1.d4 Nf6 2.c4 g6 3.Nc3 Bg7 4.e4 d6 5.Nf3 O-O 6.Be2 e5 7.d5 a5 8.Bg5 h6 9.Bh4 Na6
10.Nd2 Bd7 11.O-O Qe8 12.b3 Nh7 13.a3 h5 14.f3 Bh6 15.Qc2 Be3+ 16.Bf2 Bxf2+
17.Rxf2 Qe7 18.Qb2 c6 19.Re1 Nf6 20.Kh1 Nc5 21.b4 axb4 22.axb4 Na4 23.Nxa4 Rxa4
24.Bd1 Raa8 25.Rff1 cxd5 26.exd5 b5 27.f4 bxc4 28.fxe5 Nxd5 29.Nxc4 dxe5
30.Nxe5 Be6 31.Bf3 Qd6 32.Rd1 Qxb4 33.Qxb4 Nxb4 34.Bxa8 Rxa8 35.Rd6 Re8 36.Nf3 Nd5
37.Ng5 Ne3 38.Re1 Nf5 39.Rb6 Nd4 40.Rd6 Nf5 41.Ra6 Ng7 42.Ne4 Kf8 43.Rea1 Bc4
44.Ra8 Bd5 45.Rxe8+ Nxe8 46.Nc3 Be6 47.Kg1 Nf6 48.Ra7 Kg7 49.Ne2 Bc4 50.Nd4 Bd5
51.Rc7 Ne8 52.Re7 Nf6 53.Ra7 Ne4 54.Ra5 Nf6 55.Ne2 Be6 56.Nf4 Bd7 57.Ra7 Bf5
58.Ra5 Bd7 59.Nd3 Bf5 60.Ne5 Be6 61.Nf3 Bg4 62.Ng5 Nh7 63.Ne4 Nf6 64.Ng5 Nh7
65.h4 Nxg5 66.hxg5 Be6 67.Kf2 Bc4 68.Ra7 Bd5 69.g3 Be6 70.Ke3 Bd5 71.Kd4 Be6
72.Ke5 Bc4 73.Rc7 Bb3 74.Rc6 Ba2 75.Rb6 Bc4 76.Rd6 Bb3 77.Rd2 Bc4 78.Rb2 Be6
79.Kd6 Bc4 80.Ke7  1/2-1/2

[Event "35th Nezhmetdinov Cup"]
[Site "Kazan RUS"]
[Date "2013.05.31"]
[Round "1.38"]
[White "Fedotov,Nikita2"]
[Black "Belyakov,B"]
[Result "0-1"]
[WhiteElo "1973"]
[BlackElo "2407"]

1.d4 Nf6 2.c4 g6 3.Nc3 Bg7 4.e4 O-O 5.Nf3 d6 6.Be2 e5 7.Be3 Ng4 8.Bg5 f6
9.Bh4 g5 10.Bg3 Nh6 11.dxe5 dxe5 12.Qd5+ Nf7 13.h4 Qe7 14.O-O-O c6 15.Qa5 Na6
16.hxg5 fxg5 17.Ne1 Nc5 18.Qa3 Re8 19.Nc2 Bf8 20.Ne3 a5 21.Bh5 Be6 22.Ne2 Nxe4
23.Qd3 Nf6 24.Bxf7+ Bxf7 25.Bxe5 Qxe5 26.Ng4 Bg6  0-1

[Event "35th Nezhmetdinov Cup"]
[Site "Kazan RUS"]
[Date "2013.05.31"]
[Round "1.11"]
[White "Grigoriants,S RUS"]
[Black "Drachev,Oleg"]
[Result "1-0"]
[WhiteElo "2579"]
[BlackElo "2187"]

1.Nf3 Nf6 2.c4 d6 3.d4 g6 4.Nc3 Bg7 5.e4 O-O 6.Be2 Na6 7.O-O e5 8.Be3 Ng4
9.Bg5 f6 10.Bc1 c6 11.h3 exd4 12.Nxd4 Ne5 13.Be3 Nc5 14.b4 Ne6 15.f4 Nxd4
16.Bxd4 Nf7 17.Qd2 b6 18.Rad1 Bb7 19.Bf2 Re8 20.Bd3 Qd7 21.Bc2 Qe6 22.c5 dxc5
23.bxc5 Ba6 24.Rfe1 Rad8 25.Qc1 b5 26.Bb3 Qe7 27.e5 fxe5 28.Ne4 Kh8 29.Bxf7 Qxf7
30.Nd6 Qxa2 31.Nxe8 Rxe8 32.Bd4 b4 33.Bxe5 Bxe5 34.Rxe5 Rf8 35.Re7 Bc8 36.Qe3 Qb2
37.Re8 Qf6 38.Rd6 Qa1+ 39.Kh2  1-0

[Event "Grand Europe Open Albena"]
[Site "Albena BUL"]
[Date "2013.06.01"]
[Round "1.8"]
[White "Tscharotschkin,M"]
[Black "Nevednichy,V"]
[Result "0-1"]
[WhiteElo "2217"]
[BlackElo "2580"]

1.d4 Nf6 2.c4 d6 3.Nc3 g6 4.e4 Bg7 5.Nf3 O-O 6.Be2 e5 7.O-O Nbd7 8.d5 a5
9.Ne1 Nc5 10.Bg5 h6 11.Bxf6 Bxf6 12.Nd3 Nxd3 13.Qxd3 Bd7 14.Bd1 Bg5 15.Ba4 Bc8
16.f3 h5 17.Bc2 h4 18.Ne2 Bd7 19.Rf2 Qb8 20.Nc3 Qa7 21.Re1 Bf4  0-1

[Event "OKU Open A 2013"]
[Site "Maarssen NED"]
[Date "2013.06.01"]
[Round "2.4"]
[White "Lalic,B"]
[Black "Smits,Mar"]
[Result "1/2-1/2"]
[WhiteElo "2493"]
[BlackElo "2163"]

1.d4 Nf6 2.c4 g6 3.Nc3 Bg7 4.e4 d6 5.Nf3 O-O 6.Be2 e5 7.Be3 Ng4 8.Bg5 f6
9.Bh4 Nc6 10.d5 Ne7 11.Nd2 f5 12.Bxg4 fxg4 13.Bg5 Rf4 14.g3 Rf7 15.Qe2 Bd7
16.Be3 Qf8 17.c5 Bh6 18.Bxh6 Qxh6 19.Nc4 Rf6 20.a4 Raf8 21.Nd1 Kh8 22.O-O Qh3
23.Re1 Ng8 24.Qf1 Qh5 25.cxd6 cxd6 26.b3 Nh6 27.Rc1 Nf7 28.Nd2 Ng5 29.Kh1 Nh3
30.Re2 Qg5 31.Rc7 Bc8 32.Qe1 R6f7 33.Rxf7 Rxf7 34.Nc4 Qf6 35.Qc3 Rc7 36.Qe3 a6
37.Rc2 Bd7 38.Rc3 Rc5 39.Kg2 b5 40.axb5 Bxb5 41.f3 h5 42.fxg4 hxg4 43.Qe2 Bd7
44.Nf2 Nxf2 45.Qxf2 Kg7 46.Qxf6+ Kxf6 47.Kf2  1/2-1/2

[Event "6th Mayors Cup 2013"]
[Site "Mumbai IND"]
[Date "2013.06.01"]
[Round "5"]
[White "Mohammad,Nubairshah Shaikh"]
[Black "Gokhale,C"]
[Result "1/2-1/2"]
[WhiteElo "2198"]
[BlackElo "2284"]

1.d4 d6 2.Nf3 Nf6 3.c4 Nbd7 4.Nc3 e5 5.e4 g6 6.Be2 Bg7 7.O-O O-O 8.Be3 c6
9.d5 c5 10.Ne1 Ne8 11.Nd3 f5 12.f4 Qe7 13.exf5 gxf5 14.fxe5 Nxe5 15.Nxe5  1/2-1/2

[Event "43rd Open A Bosna 2013"]
[Site "Sarajevo BIH"]
[Date "2013.06.01"]
[Round "1.11"]
[White "Sebenik,M"]
[Black "Cabarkapa,N"]
[Result "1/2-1/2"]
[WhiteElo "2519"]
[BlackElo "2341"]

1.Nf3 Nf6 2.c4 g6 3.Nc3 Bg7 4.e4 d6 5.d4 O-O 6.Be2 e5 7.d5 a5 8.Bg5 h6 9.Bh4 Na6
10.Nd2 Qe8 11.O-O Nh7 12.a3 Bd7 13.Kh1 a4 14.Nb5 Bxb5 15.cxb5 Nc5 16.f3 Nf6
17.b4 axb3 18.Nxb3 Nxb3 19.Qxb3 Nd7 20.Bf2 b6 21.a4 Bf6 22.Qc4 Qd8 23.Bd3 Bg5
24.g3 h5 25.h4 Bh6 26.Rae1 Nc5 27.Bc2 f5 28.exf5 gxf5 29.f4 e4 30.Ra1 Bg7
31.Ra2 Qf6 32.Bd1 Qc3 33.Qxc3 Bxc3 34.Bxc5 dxc5 35.Bxh5 Kg7 36.Be2 Kf6 37.Kg2 Rg8
38.h5 Rg7 39.Rh1 Rag8 40.Rh3 Rh8 41.Ra3 Bd2 42.Kf2 Rd7 43.Bc4 Rdh7 44.Be2 Rd8  1/2-1/2

[Event "FSFMB June 2013"]
[Site "Budapest HUN"]
[Date "2013.06.02"]
[Round "2.5"]
[White "Schmidt,Wolfgang"]
[Black "Brassoi-Tarnovszki,Aurel"]
[Result "1-0"]
[WhiteElo "1450"]
[BlackElo "1642"]

1.d4 Nf6 2.Nf3 g6 3.c4 d6 4.Nc3 Bg7 5.e4 O-O 6.Be2 Nbd7 7.O-O e5 8.h3 exd4
9.Nxd4 Nc5 10.Bf3 Ne6 11.Be3 Re8 12.Qd2 Nc5 13.Qc2 a6 14.b4 Ne6 15.Rad1 Qe7
16.a3 Nxd4 17.Bxd4 c6 18.Qd2 Be6 19.c5 Rad8 20.Qe2 d5 21.Rfe1 dxe4 22.Bxe4 Qc7
23.Qf3 Nxe4 24.Rxe4 Bxd4 25.Rexd4 Rxd4 26.Rxd4 Bd5 27.Qd1 Be6 28.Ne4 Kg7
29.Nd6 Re7 30.h4 h5 31.Rd3 Bd5 32.Rg3 Qd7 33.Qxh5 Re1+ 34.Kh2 Be6 35.Qg5 Kf8
36.h5 gxh5 37.Qxh5 Bd5 38.Qh8+ Ke7 39.Rg8  1-0

[Event "35th Nezhmetdinov Cup"]
[Site "Kazan RUS"]
[Date "2013.06.02"]
[Round "3.23"]
[White "Tunik,G"]
[Black "Drachev,Oleg"]
[Result "1/2-1/2"]
[WhiteElo "2430"]
[BlackElo "2187"]

1.d4 d6 2.Nf3 Nf6 3.c4 g6 4.Nc3 Bg7 5.e4 O-O 6.Be2 Na6 7.O-O e5 8.Re1 c6
9.Rb1 exd4 10.Nxd4 Nc5 11.Bf3 a5 12.Bf4 Re8 13.Nb3 Ne6 14.Bxd6 a4 15.Nc5 Nxc5
16.Bxc5 Qa5 17.Be3 Be6 18.Be2 Nd7 19.Nd5 Nc5 20.Bxc5 Qxc5 21.Nc7 Bd4 22.Rf1 Red8
23.Nxa8 Bxf2+ 24.Rxf2 Rxd1+ 25.Rxd1 Qa5 26.b4 Qxa8 27.a3 Qb8 28.Rf3 Qe5 29.Re3 Kg7
30.g3 Qb2 31.Kf1 Qc2 32.Ke1 h5 33.h4 Kf6 34.e5+ Ke7 35.Rd4 b5 36.cxb5 cxb5
37.Rdd3 Bc4 38.Rc3 Qb1+ 39.Kf2 Qb2 40.Rcd3 Bb3 41.Rc3 Qxa3 42.Bxb5 Qxb4 43.Be2 Kf8
44.Rc8+ Kg7 45.Rcc3 Be6 46.Kf1 Qb2 47.Ke1 Bb3 48.Kf1  1/2-1/2

[Event "35th Nezhmetdinov Cup"]
[Site "Kazan RUS"]
[Date "2013.06.02"]
[Round "3.36"]
[White "Fedotov,Alexey"]
[Black "Salakhutdinov,I"]
[Result "0-1"]
[WhiteElo "1861"]
[BlackElo "2293"]

1.Nf3 Nf6 2.c4 g6 3.Nc3 Bg7 4.e4 d6 5.d4 O-O 6.Be2 Nbd7 7.O-O e5 8.d5 Nc5
9.Qc2 a5 10.Be3 Ne8 11.Nd2 f5 12.exf5 gxf5 13.f4 e4 14.Nb3 b6 15.Nd4 Bd7
16.Qd2 Kh8 17.Kh1 Rg8 18.Rg1 Qh4 19.g3 Qe7 20.Nd1 Nf6 21.Nf2 h5 22.h3 Bh6
23.Rg2 Rg7 24.Rag1 Rag8 25.b3 Qf7 26.Nc2 Rh7 27.Bd4 Bg7 28.Ne3 Qg6 29.h4 Ng4
30.Nfxg4 hxg4 31.Qc3 Re8 32.Rd1 Kg8 33.Bxg7 Rxg7 34.Bf1 Rge7 35.Kg1 Ra8 36.Rgd2 Ree8
37.Qd4 Kf7 38.Kf2 Reb8 39.Kg1 b5 40.Rc2 b4 41.Rb2 a4 42.bxa4 Nxa4 43.Rc2 Qf6
44.Qd2 Nc5 45.Rb2 Ra3 46.Rdb1 Rba8 47.Rxb4 Nd3 48.Bxd3 Rxd3 49.Qf2 Qd4 50.Nf1 e3
51.Qe2 Rxa2 52.R4b2 Rxb2 53.Rxb2 Rd2 54.Rxd2 exd2+ 55.Ne3 d1=Q+ 56.Qxd1 Qxe3+  0-1

[Event "43rd Open A Bosna 2013"]
[Site "Sarajevo BIH"]
[Date "2013.06.02"]
[Round "3.9"]
[White "Sebenik,M"]
[Black "Forsberg,V"]
[Result "1-0"]
[WhiteElo "2519"]
[BlackElo "2286"]

1.d4 Nf6 2.c4 g6 3.Nc3 Bg7 4.e4 d6 5.Be2 O-O 6.Nf3 e5 7.O-O Nbd7 8.Qc2 Nh5
9.Bg5 Bf6 10.Be3 c6 11.Rfd1 Qe7 12.b4 Nf4 13.Bf1 g5 14.d5 g4 15.Nd2 c5 16.a3 Kh8
17.Nb3 b6 18.Rdb1 h5 19.bxc5 Nxc5 20.a4 h4 21.a5 Bd7 22.Nxc5 bxc5 23.Rb7 Rg8
24.g3 Nh3+ 25.Bxh3 gxh3 26.Rab1 a6 27.Qd1 Rg6 28.Rb8+ Rxb8 29.Rxb8+ Be8 30.Qh5+ Kg7
31.Na4 Kf8 32.Nb6 Bg7 33.g4 Kg8 34.f3 Bf8 35.Qf5 f6 36.Qe6+  1-0

[Event "Grand Europe Open Albena"]
[Site "Albena BUL"]
[Date "2013.06.04"]
[Round "4.23"]
[White "Gavrilov,Al1"]
[Black "Vutov,M"]
[Result "1-0"]
[WhiteElo "2454"]
[BlackElo "2348"]

1.d4 Nf6 2.Nf3 g6 3.c4 Bg7 4.Nc3 d6 5.e4 O-O 6.Be2 e5 7.O-O Na6 8.Re1 Qe8
9.Bg5 h6 10.Bxf6 Bxf6 11.c5 Bg7 12.cxd6 cxd6 13.Nd5 Rb8 14.dxe5 dxe5 15.Rc1 Be6
16.Qd2 Bxd5 17.Qxd5 Nb4 18.Qc5 Nc6 19.Bb5 Qe6 20.Bxc6 bxc6 21.b3 Rb6 22.Red1 Re8
23.Nd2 Bf8 24.Qe3 Kg7 25.Nc4 Rb7 26.Rd2 Be7 27.g3 h5 28.h4 Rc7 29.Kh2 Bb4
30.a3 Be7 31.b4 Rd8 32.Rxd8 Bxd8 33.Qc5 f6 34.Ne3 Rd7 35.Qxc6 Qxc6 36.Rxc6 Bb6
37.Nd5 Bxf2 38.Kg2 Bd4 39.Nxf6 Rf7 40.Ne8+ Kf8 41.Nc7 Rf2+ 42.Kh3 Kf7 43.Ne6 Bb6
44.a4 Rb2 45.Ng5+ Kg7 46.Rc4 Rb3 47.Kg2 Rb2+ 48.Kh3 Rb3 49.a5 Bf2 50.Kg2 Bxg3
51.Rc7+ Kg8 52.Rxa7 Bxh4 53.Nf3 Rb2+ 54.Kh3 Bf6 55.a6 g5 56.Rb7 g4+ 57.Kg3 gxf3
58.a7 h4+ 59.Kxf3  1-0

[Event "35th Nezhmetdinov Cup"]
[Site "Kazan RUS"]
[Date "2013.06.04"]
[Round "5.15"]
[White "Atalik,S"]
[Black "Belyakov,B"]
[Result "0-1"]
[WhiteElo "2597"]
[BlackElo "2407"]

1.d4 Nf6 2.c4 g6 3.Nc3 Bg7 4.e4 O-O 5.Nf3 d6 6.Be2 e5 7.d5 a5 8.Bg5 h6 9.Bh4 g5
10.Bg3 Nh5 11.h4 Nf4 12.hxg5 hxg5 13.Kf1 Na6 14.Nh2 f5 15.exf5 Nc5 16.Bg4 Qf6
17.Bxf4 exf4 18.Nf3 a4 19.Rb1 Bxf5 20.Bxf5 Qxf5 21.Rh5 Bf6 22.Nd4 Qg6 23.Ne6 Nxe6
24.dxe6 Kg7 25.Nd5 Rh8 26.Nxf6 Kxf6 27.g4 fxg3 28.Rxh8 Rxh8 29.Qd4+ Ke7 30.Qxh8 Qxb1+
31.Kg2 gxf2 32.Qg7+ Kxe6 33.Qg8+ Kf6 34.Qh8+ Kf7  0-1

[Event "35th Nezhmetdinov Cup"]
[Site "Kazan RUS"]
[Date "2013.06.05"]
[Round "6.5"]
[White "Rozum,I"]
[Black "Vorobiov,E"]
[Result "1/2-1/2"]
[WhiteElo "2482"]
[BlackElo "2583"]

1.d4 Nf6 2.c4 g6 3.Nc3 Bg7 4.e4 d6 5.Nf3 O-O 6.Be2 e5 7.O-O Nbd7 8.dxe5 dxe5
9.Be3 c6 10.Qc2 Qe7 11.h3 Nh5 12.Rfd1 Nf4 13.a3 Nxe2+ 14.Nxe2 f5 15.b4 f4
16.Bc1 g5 17.c5 Rf7 18.Bb2 Nf8 19.Rd6 g4 20.hxg4 Bxg4 21.Qb3 Ng6 22.Rad1 Rf8
23.Kf1 Kh8 24.Qc3 Bxf3 25.gxf3 Qh4 26.Nc1 Re8 27.Ke2 Bf8 28.R6d3 Bg7 29.Qc4 Rfe7
30.Rd6 Qh5 31.Nb3 Nf8 32.Rd8 Ne6 33.Rxe8+ Qxe8 34.Rd6 Ng5 35.Na5 Nxf3 36.Qd3 Nd4+
37.Kd2 Qh5 38.Rd8+ Re8 39.Rxe8+ Qxe8 40.Nxb7 Qf7 41.Nd6 Qa2 42.Nc4 h5 43.Ke1 h4
44.Kf1 Nf3 45.Qxf3 Qxc4+  1/2-1/2

[Event "6th Mayors Cup 2013"]
[Site "Mumbai IND"]
[Date "2013.06.05"]
[Round "10"]
[White "Fodor,T jr"]
[Black "Shashikant,K"]
[Result "1-0"]
[WhiteElo "2475"]
[BlackElo "2264"]

1.d4 Nf6 2.c4 g6 3.Nc3 Bg7 4.e4 d6 5.Nf3 O-O 6.Be2 e5 7.Be3 Na6 8.O-O Ng4
9.Bg5 Qe8 10.dxe5 dxe5 11.Rb1 f6 12.Bc1 c6 13.b4 Nc7 14.h3 Nh6 15.c5 Nf7
16.a4 Ne6 17.Re1 Kh8 18.Ba3 Nf4 19.b5 Bxh3 20.gxh3 Nxh3+ 21.Kf1 Qe6 22.Ng1 Nxg1
23.Kxg1 Rad8 24.Qb3 Qh3 25.Bc1 f5 26.Nd1 Qh4 27.Bf3 f4 28.Kg2 Rd7 29.bxc6 bxc6
30.Qe6 Rd3 31.Rh1 Qg5+ 32.Qg4 Qf6 33.Be2 Rd4 34.f3 Rxa4 35.Nf2 Ra2 36.Bc4 Rc2
37.Bd3 Ra2 38.Bc4 Ra4 39.Bb3 Rd4  1-0

[Event "70th ch-GEO w 2013"]
[Site "Tbilisi GEO"]
[Date "2013.06.05"]
[Round "9.4"]
[White "Arabidze,M"]
[Black "Khukhashvili,S"]
[Result "1-0"]
[WhiteElo "2348"]
[BlackElo "2383"]

1.d4 d6 2.Nf3 g6 3.c4 Bg7 4.Nc3 Nd7 5.e4 e5 6.Be2 Ngf6 7.O-O O-O 8.Be3 Re8
9.Qc2 h6 10.Rad1 Ng4 11.Bc1 exd4 12.Nxd4 Nc5 13.f3 Nf6 14.b3 Kh7 15.Rfe1 c6
16.Be3 Qa5 17.Bf1 Nh5 18.Qd2 a6 19.Nde2 Nd7 20.Bd4 Bf8 21.Ng3 Ng7 22.Nb1 Qd8
23.Bb2 Qe7 24.Nc3 Qh4 25.Nce2 Nc5 26.Qf4 Qe7 27.Nd4 a5 28.Bc3 Qc7 29.Qd2 Bd7
30.f4 Bg4 31.Be2 Bxe2 32.Rxe2 a4 33.b4 Nd7 34.a3 Rad8 35.Bb2 Nb6 36.Rc1 c5
37.Nb5 Qc6 38.Qd3 Ne6 39.Rf2 Ng7 40.Qc3 Nd7 41.Qc2 h5 42.Nc3 cxb4 43.axb4 h4
44.Nf1 Qxc4 45.Qxa4 b5 46.Qd1 Qxb4 47.Ne3 Nh5 48.Qg4 Rxe4 49.Ned5 Qc4 50.Nxe4 Qxe4
51.Qxh4 Ra8 52.Nc3 Qe3 53.Nd5 Qe4 54.Rd2 Kg8 55.Re1 Qc4 56.g4 Ng7 57.Qh6 Qc5+
58.Kh1 Qc6 59.Rc1 Nc5 60.Kg1 f6 61.Qxg6  1-0

[Event "Grand Europe Open Albena"]
[Site "Albena BUL"]
[Date "2013.06.06"]
[Round "6.47"]
[White "Dimitrov,De"]
[Black "Hussein,AH"]
[Result "0-1"]
[WhiteElo "2029"]
[BlackElo "2284"]

1.d4 Nf6 2.Nf3 d6 3.c4 g6 4.Nc3 Bg7 5.e4 O-O 6.Be2 e5 7.O-O Nbd7 8.Re1 c6
9.Bf1 a6 10.d5 cxd5 11.cxd5 b5 12.b4 Nb6 13.a4 bxa4 14.Nxa4 Bd7 15.Nc3 Qc7
16.Qb3 Rfc8 17.Bb2 Nc4 18.Bxc4 Qxc4 19.Qxc4 Rxc4 20.b5 a5 21.Nd2 Rd4 22.Re2 a4
23.Ba3 Ne8 24.Rb1 Bh6 25.Nf3 Rc4 26.Nd1 f5 27.Bxd6 Nxd6 28.Nxe5 Bxb5 29.Nxc4 Bxc4
30.Reb2 Nxe4 31.Rb8+ Rxb8 32.Rxb8+ Kf7 33.Nb2 Bb3 34.Nd3 Bxd5 35.Rb5 Nc3
36.Rc5 Bd2 37.Rc7+ Ke6 38.Ra7 Kd6 39.Ra6+ Bc6 40.f4 Ne2+ 41.Kf2 Nxf4 42.Nb2 Bc3
43.Nxa4 Bd4+ 44.Kf1 Kc7 45.Ra5 Bxg2+ 46.Ke1 Nd5 47.Rb5 f4 48.Nc5 Kc6  0-1